00898pam a2200265 ia4500001001400000003000400014005001700018008004100035015001400076020002300090020003800113040002900151082001900180100004500199245006900244264006200313300005800375336002100433337002500454338002300479490002300502650004900525650003500574830002300609vtls000834555PNM20210114122609.0170802s2018 my bo j 000 0 may  aM18-03399 a9789838779159qset a9789838779210qpaperbackcRM23.62 aBNMbengcBNMerdadPPAK04a039.9923022230 aSafiatul Atiqah Razalli,d1989-eauthor.10aFakta Menarik Tentang Negara di Dunia /cSafiatul Atiqah Razalli 1aPetaling Jaya, Selangor :bPENERBIT PRISMA SDN BHD,c2018 a38 pages :bcolour maps, colour photographs ;c22 cm. atext2rdacontent aunmediated2rdamedia avolume2rdacarrier1 aSiri Tahukah Anda?10aCuriosities and wondersvJuvenile literature20aGeographyvJuvenile literature 0aSiri tahukah anda?